'F' Logos Close-Up Quiz Stats

 Plays Quiz Updated Oct 12, 2019

Score 0/20 Timer 06:00
52 Plays Today
Hint Answer % Correct
Facebook
99.6%
Ford
99.4%
FedEx
99.3%
Fanta
98.9%
FOX News
96.6%
Fiat
96.4%
Firefox
93.2%
Ferrari
89.1%
Fisher-Price
88.8%
Atlanta Falcons
85.3%
Hint Answer % Correct
Fila
85.1%
Foot Locker
84.9%
Fruit of the Loom
83.8%
The Flash
81.4%
Federal Bureau of Investigation
77.4%
Folgers
72.6%
Foster's
69.5%
Philadelphia Flyers
64.7%
Fitbit
35.2%
Farmers Insurance
32.7%

You're not logged in!

Compare scores with friends on all Sporcle quizzes.
OR
Log In

Sporcle TV

Today on Sporcle TV


Watch our educational content, quiz creation guides, and fun videos on Sporcle TV.

Show Comments

Extras

Top Quizzes Today


Score Distribution

Your Account Isn't Verified!

In order to create a playlist on Sporcle, you need to verify the email address you used during registration. Go to your Sporcle Settings to finish the process.

Report this User

Report this user for behavior that violates our Community Guidelines.

Details: